Statistiche per Paesi più a sud per continente

Clicka qui per fare il quiz!

Statistiche generali

  • Questo quiz è stato fatto 221 volte
  • Il punteggio medio è 24 su 30

Statistiche sulle risposte

ContinenteLatitudinePaese% Corretto
Africa46°59' SSudafrica
99%
Europe34°49' NGrecia
98%
Europe35°30' NItalia
98%
Europe35°47' NMalta
95%
Europe36°00' NSpagna
94%
Asia11°00' SIndonesia
93%
South America55°04' SArgentina
92%
Oceania54°47' SAustralia
92%
South America56°30' SCile
92%
Europe36°57' NPortogallo
92%
Oceania52°37' SNuova Zelanda
89%
South America33°45' SBrasile
88%
Africa30°40' SLesotho
86%
North America7°11' NPanama
85%
South America35°02' SUruguay
85%
South America27°36' SParaguay
82%
Asia0°51' NMalesia
81%
Africa28°58' SNamibia
79%
Africa26°54' SSwaziland
79%
Asia1°09' NSingapore
74%
North America5°31' NCosta Rica
73%
Africa26°52' SBotswana
67%
Oceania21°02' SFigi
67%
Asia9°30' STimor Est
65%
North America10°43' NNicaragua
64%
Oceania22°21' STonga
61%
North America10°02' NTrinidad e Tobago
61%
Asia0°42' SMaldive
57%
Oceania20°15' SVanuatu
54%
North America11°59' NGrenada
51%

Distribuzione punteggi

Percentile per numero di risposta

Percentuale di utenti per punteggio

I tuoi punteggi nel tempo

Non hai fatto questo quiz